The Struggle for power in Syria : (Record no. 17197)
[ view plain ]
| 000 -LEADER | |
|---|---|
| fixed length control field | 01266cam a2200337 i 4500 |
| 001 - CONTROL NUMBER | |
| control field | 015645021 |
| 003 - CONTROL NUMBER IDENTIFIER | |
| control field | EG-ScBUE |
| 005 - DATE AND TIME OF LATEST TRANSACTION | |
| control field | 20240527095451.0 |
| 008 - FIXED-LENGTH DATA ELEMENTS--GENERAL INFORMATION | |
| fixed length control field | 100902s2012 enkb f b 001 0 eng d |
| 020 ## - INTERNATIONAL STANDARD BOOK NUMBER | |
| International Standard Book Number | 1848857608 (pbk.) : |
| 020 ## - INTERNATIONAL STANDARD BOOK NUMBER | |
| International Standard Book Number | 9781848857605 (pbk.) : |
| 040 ## - CATALOGING SOURCE | |
| Original cataloging agency | EG-ScBUE |
| Language of cataloging | eng |
| Description conventions | rda |
| Transcribing agency | EG-ScBUE |
| Modifying agency | EG-ScBUE |
| 082 04 - DEWEY DECIMAL CLASSIFICATION NUMBER | |
| Classification number | 956.91042 |
| Edition number | 23 |
| Item number | DAM |
| 100 1# - MAIN ENTRY--PERSONAL NAME | |
| Personal name | Dam, Nikolaos van, |
| Relator term | author. |
| 9 (RLIN) | 32257 |
| 245 14 - TITLE STATEMENT | |
| Title | The Struggle for power in Syria : |
| Remainder of title | politics and society under Asad and the Ba'th Party / |
| Statement of responsibility, etc | Nikolaos van Dam. |
| 264 #1 - PUBLICATION, DISTRIBUTION, ETC. (IMPRINT) | |
| Place of publication, distribution, etc | London : |
| Name of publisher, distributor, etc | I.B. Tauris, |
| Date of publication, distribution, etc | 2012. |
| 300 ## - PHYSICAL DESCRIPTION | |
| Extent | xiii, 255 pages : |
| Other physical details | maps ; |
| Dimensions | 22 cm |
| 336 ## - CONTENT TYPE | |
| Source | rdacontent |
| Content type term | text |
| Content type code | txt |
| 337 ## - MEDIA TYPE | |
| Media type term | unmediated |
| Source | rdamedia |
| Media type code | n |
| 338 ## - CARRIER TYPE | |
| Carrier type term | volume |
| Carrier type code | nc |
| Source | rdacarrier |
| 504 ## - BIBLIOGRAPHY, ETC. NOTE | |
| Bibliography, etc | Includes bibliographical references and index. |
| 600 17 - SUBJECT ADDED ENTRY--PERSONAL NAME | |
| Personal name | Assad, Hafez, |
| Dates associated with a name | 1930-2000. |
| Source of heading or term | BUEsh |
| 9 (RLIN) | 32258 |
| 610 27 - SUBJECT ADDED ENTRY--CORPORATE NAME | |
| Corporate name or jurisdiction name as entry element | Ḥizb al-Baʿth al-ʿArabī al-Ishtirākī (Syria) |
| Source of heading or term | BUEsh |
| 9 (RLIN) | 32259 |
| 651 #7 - SUBJECT ADDED ENTRY--GEOGRAPHIC NAME | |
| Geographic name | Syria |
| General subdivision | Kings and rulers. |
| Source of heading or term | BUEsh |
| 9 (RLIN) | 32260 |
| 651 #7 - SUBJECT ADDED ENTRY--GEOGRAPHIC NAME | |
| Geographic name | Syria |
| General subdivision | Politics and government |
| Chronological subdivision | 1971-2000. |
| Source of heading or term | BUEsh |
| 9 (RLIN) | 32261 |
| 651 #7 - SUBJECT ADDED ENTRY--GEOGRAPHIC NAME | |
| Geographic name | Syria |
| General subdivision | Politics and government |
| Chronological subdivision | 2000- |
| Source of heading or term | BUEsh |
| 9 (RLIN) | 32262 |
| 651 #7 - SUBJECT ADDED ENTRY--GEOGRAPHIC NAME | |
| Geographic name | Syria |
| General subdivision | Social conditions. |
| Source of heading or term | BUEsh |
| 9 (RLIN) | 32263 |
| 653 ## - INDEX TERM--UNCONTROLLED | |
| Arrived date list | January2013 |
| 655 ## - INDEX TERM--GENRE/FORM | |
| Form subdivision | Reading book |
| 942 ## - ADDED ENTRY ELEMENTS (KOHA) | |
| Source of classification or shelving scheme | Dewey Decimal Classification |
| Koha item type | Book - Borrowing |
| Withdrawn status | Lost status | Source of classification or shelving scheme | Damaged status | Not for loan | Collection code | Home library | Current library | Shelving location | Date acquired | Source of acquisition | Cost, normal purchase price | Serial Enumeration / chronology | Total Checkouts | Total Renewals | Full call number | Barcode | Date last seen | Date checked out | Price effective from | Koha item type |
|---|---|---|---|---|---|---|---|---|---|---|---|---|---|---|---|---|---|---|---|---|
| Dewey Decimal Classification | THe Middle East Observer | Central Library | Central Library | Second Floor | 31/01/2013 | Purchase | 149.00 | 001341 | 7 | 21 | 956.91042 DAM | 000027960 | 15/07/2025 | 01/12/2024 | 31/01/2013 | Book - Borrowing |